[Event "SR 5. liga SE-SI 2015/2016"]
[Site "?"]
[Date "2016.02.20"]
[Round "7.2"]
[White "Ulehla, Jakub"]
[Black "Zlamal, Marek"]
[Result "1-0"]
[WhiteElo "1681"]
[BlackElo "1727"]
[PlyCount "49"]
[EventDate "2015.??.??"]

1. e4 e5 2. Nc3 d6 3. Bc4 Be6 4. Bxe6 fxe6 5. d3 Nf6 6. f4 exf4 7. Bxf4 Nbd7 8.
Nf3 h6 9. d4 g5 10. Be3 c6 11. h4 g4 12. Nd2 Qb6 13. Nc4 Qb4 14. Qd3 b5 15. Nd2
Qxb2 16. Nb3 Qa3 17. Rf1 b4 18. Bc1 Qxc1+ 19. Nxc1 bxc3 20. Rb1 c5 21. dxc5
Nxc5 22. Qxc3 Be7 23. Nd3 Ncxe4 24. Qc6+ Nd7 25. Qxa8+ 1-0

[Event "SR 5. liga SE-SI 2015/2016"]
[Site "?"]
[Date "2016.02.20"]
[Round "7.2"]
[White "Oslej, Marek"]
[Black "Steiner, Juraj"]
[Result "1/2-1/2"]
[WhiteElo "1092"]
[BlackElo "1000"]
[PlyCount "137"]
[EventDate "2015.??.??"]

1. e4 d5 2. exd5 Qxd5 3. Nf3 Bg4 4. Be2 Qa5 5. Nc3 c6 6. d3 e6 7. Ng5 Bxe2 8.
Qxe2 Be7 9. Nf3 Nf6 10. h3 O-O 11. a3 Qc7 12. O-O Nbd7 13. d4 Bd6 14. Be3 Rfe8
15. Rfd1 Rad8 16. Rd2 e5 17. dxe5 Nxe5 18. g3 Ng6 19. Kh2 Re7 20. Rad1 h6 21.
Rd3 Rdd7 22. Qd2 Ne5 23. Nxe5 Bxe5 24. Rxd7 Rxd7 25. Qe2 Rxd1 26. Qxd1 h5 27.
Kg2 Qa5 28. Bd2 Qb6 29. Qc1 Nd5 30. Nxd5 cxd5 31. b3 Bd4 32. f3 Qf6 33. a4 Qe6
34. Qf1 Qc6 35. Qc1 b5 36. axb5 Qxb5 37. Qe1 Qc5 38. Qd1 f6 39. Qc1 Qb5 40. Qd1
g5 41. Qe1 Qc5 42. Qe6+ Kg7 43. Qd7+ Kg6 44. Qe8+ Kg7 45. Qd7+ Kf8 46. Qd8+ Kf7
47. Qd7+ Kf8 48. Qd8+ Kg7 49. Qd7+ Kh6 50. c3 Bxc3 51. Bxc3 Qxc3 52. Qxa7 Qc2+
53. Qf2 Qxb3 54. Qd4 Qc2+ 55. Qf2 Qd3 56. Qb6 Kg6 57. Qd8 Qe2+ 58. Kg1 Qxf3 59.
Qg8+ Kf5 60. Qc8+ Ke4 61. Qc2+ Qd3 62. Qg2+ Qf3 63. Qc2+ Ke3 64. Qc3+ Ke2 65.
Qc2+ Ke1 66. Qc1+ Qd1 67. Qe3+ Qe2 68. Qc1+ Qd1 69. Qe3+ 1/2-1/2

[Event "SR 5. liga SE-SI 2015/2016"]
[Site "?"]
[Date "2016.02.20"]
[Round "7.2"]
[White "Sefcik, Marek Ml"]
[Black "Bazovsky, Max"]
[Result "0-1"]
[WhiteElo "1000"]
[BlackElo "1000"]
[PlyCount "94"]
[EventDate "2015.??.??"]

1. e4 c5 2. Nc3 g6 3. Bc4 d6 4. Nf3 Nf6 5. O-O Bg7 6. d4 cxd4 7. Nxd4 O-O 8. h3
Nc6 9. Nxc6 bxc6 10. Bf4 Rb8 11. b3 Bb7 12. e5 Nh5 13. Qd4 Nxf4 14. Qxf4 Bxe5
15. Qf3 Qa5 16. Ne4 Bxa1 17. Rxa1 d5 18. Bd3 dxe4 19. Qxe4 e6 20. a4 Qg5 21. g3
Qf5 22. Qe2 Qxh3 23. Qe5 c5 24. Be4 Bxe4 25. Qxe4 Qf5 26. Qe2 Rbd8 27. g4 Qf4
28. c3 Rd2 29. Qe1 Rfd8 30. Kg2 Qxg4+ 31. Kf1 Rd1 32. Rxd1 Rxd1 33. Qxd1 Qxd1+
34. Kg2 e5 35. b4 cxb4 36. cxb4 e4 37. b5 f5 38. a5 f4 39. b6 axb6 40. axb6
Qf3+ 41. Kg1 Qg4+ 42. Kf1 Qd1+ 43. Kg2 f3+ 44. Kg3 Qd6+ 45. Kg4 h5+ 46. Kg5 Kg7
47. b7 Qf6# 0-1

[Event "SR 5. liga SE-SI 2015/2016"]
[Site "?"]
[Date "2016.02.20"]
[Round "7.3"]
[White "Buran, Andrej ml"]
[Black "Wallner, Juraj"]
[Result "1/2-1/2"]
[WhiteElo "1573"]
[BlackElo "1545"]
[PlyCount "56"]
[EventDate "2015.??.??"]

1. e4 c5 2. Nf3 Nc6 3. c3 e6 4. d4 d5 5. exd5 exd5 6. Bd3 Nf6 7. O-O c4 8. Bc2
Be7 9. b3 b5 10. a4 Ba6 11. Re1 O-O 12. axb5 Bxb5 13. Na3 a6 14. bxc4 dxc4 15.
Ba4 Nd5 16. Bd2 Bxa3 17. Rxa3 Qd6 18. Qa1 Nb6 19. Rb1 Nxa4 20. Rxa4 Bxa4 21.
Qxa4 Qd5 22. Rb6 Nb8 23. Ne5 Rc8 24. Bf4 f6 25. Nf3 Nd7 26. Rd6 Qb5 27. Qc2 Nb6
28. h3 Qb3 1/2-1/2

[Event "SR 5. liga SE-SI 2015/2016"]
[Site "?"]
[Date "2016.02.20"]
[Round "7.3"]
[White "Tomasovic, Roman"]
[Black "Drozd, Jan"]
[Result "1/2-1/2"]
[WhiteElo "1547"]
[BlackElo "1561"]
[PlyCount "61"]
[EventDate "2015.??.??"]

1. d4 Nf6 2. c4 g6 3. e3 d6 4. Nc3 Bg7 5. Bd3 O-O 6. Nge2 Nbd7 7. O-O e5 8. d5
Nc5 9. Bc2 c6 10. b4 Ncd7 11. e4 cxd5 12. cxd5 a6 13. Kh1 Nb6 14. Bd3 Bg4 15.
f3 Bd7 16. Bb2 Rc8 17. Qb3 Ne8 18. b5 a5 19. a4 f5 20. Rac1 f4 21. Na2 Nf6 22.
Rxc8 Nxc8 23. Rc1 b6 24. Qc2 Ne8 25. Bc4 g5 26. h3 h5 27. Ng1 g4 28. Bf1 Rf6
29. Bc3 Rg6 30. Be1 g3 31. Qd2 1/2-1/2

[Event "SR 5. liga SE-SI 2015/2016"]
[Site "?"]
[Date "2016.02.20"]
[Round "7.3"]
[White "Kaufman, Robert"]
[Black "Vozarova, Adriana"]
[Result "1-0"]
[WhiteElo "1256"]
[BlackElo "1406"]
[PlyCount "43"]
[EventDate "2015.??.??"]

1. e4 e5 2. Nf3 Nc6 3. Bc4 Nf6 4. Nc3 Nxe4 5. Bxf7+ Kxf7 6. Nxe4 d5 7. Neg5+
Kg8 8. d3 h6 9. Nh3 Bg4 10. c3 e4 11. dxe4 Ne5 12. Nhg1 Bc5 13. Bf4 Nxf3+ 14.
Nxf3 c6 15. Qd3 Qe7 16. Ne5 dxe4 17. Qxe4 Re8 18. f3 Bh5 19. O-O-O Bd6 20. Rhe1
Qf6 21. Qc4+ Kf8 22. Nd7# 1-0

[Event "SR 5. liga SE-SI 2015/2016"]
[Site "?"]
[Date "2016.02.20"]
[Round "7.3"]
[White "Tomasovic, Pavol"]
[Black "Svarc, Vaclav"]
[Result "1/2-1/2"]
[WhiteElo "1310"]
[BlackElo "1234"]
[PlyCount "55"]
[EventDate "2015.??.??"]

1. e4 e5 2. Nf3 Nc6 3. Bc4 Nf6 4. O-O Bc5 5. c3 d6 6. d4 Bb6 7. dxe5 dxe5 8.
Qxd8+ Nxd8 9. Re1 Nc6 10. Bg5 Ng4 11. Re2 O-O 12. h3 Nf6 13. Nbd2 Re8 14. Be3
Bxe3 15. Rxe3 Be6 16. Bxe6 Rxe6 17. Rd3 Rd8 18. Rxd8+ Nxd8 19. Nh4 Rd6 20. Nc4
Re6 21. f3 b5 22. Ne3 c5 23. Rd1 Nc6 24. Nd5 g6 25. Nxf6+ Rxf6 26. Kf2 Rf4 27.
g3 Rf6 28. Rd5 1/2-1/2

[Event "SR 5. liga SE-SI 2015/2016"]
[Site "?"]
[Date "2016.02.20"]
[Round "7.3"]
[White "Nater, Nikolas"]
[Black "Fajtakova, Silvia"]
[Result "1-0"]
[WhiteElo "1092"]
[BlackElo "1162"]
[PlyCount "149"]
[EventDate "2015.??.??"]

1. e4 c5 2. Nf3 Nc6 3. Nc3 b6 4. Bc4 Nf6 5. d3 h6 6. Be3 e6 7. Qd2 d5 8. exd5
exd5 9. Bb5 Bb7 10. Ne5 Qc8 11. O-O-O d4 12. Rde1 dxe3 13. Qxe3 Kd8 14. Nxc6+
Bxc6 15. Bxc6 Qxc6 16. Ne4 Nd5 17. Qf3 f6 18. Qh5 Nf4 19. Qf7 Qc7 20. Qc4 Nxg2
21. Qd5+ Kc8 22. Qxa8+ Qb8 23. Nd6+ Bxd6 24. Qxg2 Bf4+ 25. Kb1 g5 26. Re6 Be5
27. Qc6+ Qc7 28. Re8+ Rxe8 29. Qxe8+ Kb7 30. f3 Qc6 31. Qxc6+ Kxc6 32. h4 f5
33. hxg5 hxg5 34. Rh6+ Kb7 35. Rg6 Bf4 36. Rf6 Kc7 37. Rxf5 Kd6 38. c3 Ke6 39.
Rf8 Kd7 40. Ra8 a5 41. d4 cxd4 42. cxd4 Kc6 43. Rc8+ Kd7 44. Rc4 Kd6 45. b3 Kd5
46. Kc2 Be3 47. Kd3 Bf2 48. b4 a4 49. b5 a3 50. Rc8 Bg3 51. Rd8+ Ke6 52. d5+
Ke7 53. Ra8 Kd7 54. Rxa3 Kd6 55. Ra6 Kxd5 56. Rxb6 Kc5 57. Rb7 Bf4 58. a4 Kb4
59. b6 Kxa4 60. Rf7 Bg3 61. b7 Ka5 62. Rf8 Bd6 63. b8=Q Bxb8 64. Rxb8 Ka6 65.
Kc4 Ka5 66. Kc5 Ka4 67. Rb7 Ka3 68. Kc4 Ka2 69. Kc3 Ka1 70. f4 g4 71. Rb5 g3
72. Kc2 g2 73. Rb8 g1=Q 74. Ra8+ Qa7 75. Rxa7# 1-0

[Event "SR 5. liga SE-SI 2015/2016"]
[Site "?"]
[Date "2016.02.20"]
[Round "7.4"]
[White "Huska, Branislav"]
[Black "Kanka, Tomas"]
[Result "1-0"]
[WhiteElo "1803"]
[BlackElo "1693"]
[PlyCount "61"]
[EventDate "2015.??.??"]

1. e4 e5 2. Nf3 Nf6 3. Nxe5 d6 4. Nf3 Nxe4 5. d4 d5 6. Bd3 Be7 7. O-O Bg4 8. c4
c6 9. Nc3 f5 10. Qb3 Bxf3 11. gxf3 Ng5 12. Bxg5 Bxg5 13. cxd5 Bf4 14. Ne2 Bc7
15. Qxb7 O-O 16. dxc6 Qd6 17. f4 Nxc6 18. Rac1 Nxd4 19. Rxc7 Nf3+ 20. Kg2 Qg6+
21. Kxf3 Qg4+ 22. Ke3 Rfe8+ 23. Re7 Qh3+ 24. Kd2 Rxe7 25. Qxe7 Rb8 26. Rc1
Rxb2+ 27. Rc2 Rb8 28. Qe6+ Kf8 29. Rc8+ Rxc8 30. Qxc8+ Kf7 31. Qxf5+ 1-0

[Event "SR 5. liga SE-SI 2015/2016"]
[Site "?"]
[Date "2016.02.20"]
[Round "7.4"]
[White "Kastler, Peter"]
[Black "Petras, Michal"]
[Result "1/2-1/2"]
[WhiteElo "1756"]
[BlackElo "1246"]
[PlyCount "67"]
[EventDate "2015.??.??"]

1. d4 d5 2. c4 e6 3. Nc3 Nf6 4. Nf3 Bb4 5. Bg5 Bxc3+ 6. bxc3 h6 7. Bh4 g5 8.
Bg3 Nc6 9. e3 Ne4 10. Qc2 Nxg3 11. hxg3 Qf6 12. c5 Bd7 13. Bb5 Nb8 14. Bxd7+
Nxd7 15. Qa4 Qd8 16. Ne5 Ke7 17. Nxd7 Qxd7 18. Qb4 c6 19. Kd2 Qc7 20. Rab1 Rab8
21. Rb2 Kf6 22. Rhb1 b5 23. cxb6 Rxb6 24. Qc5 Rhb8 25. Rxb6 Rxb6 26. Rxb6 Qxb6
27. Qxb6 axb6 28. g4 Kg6 29. a4 Kf6 30. Kd3 Ke7 31. c4 Kd6 32. e4 dxe4+ 33.
Kxe4 f6 34. f4 1/2-1/2

[Event "SR 5. liga SE-SI 2015/2016"]
[Site "?"]
[Date "2016.02.20"]
[Round "7.4"]
[White "Cibula, Marian"]
[Black "Zajicek, Ferdinand"]
[Result "0-1"]
[WhiteElo "1107"]
[BlackElo "1756"]
[PlyCount "88"]
[EventDate "2015.??.??"]

1. e4 c5 2. Nf3 d6 3. d4 cxd4 4. Qxd4 Nc6 5. Qa4 Bd7 6. c3 Nf6 7. Be3 g6 8.
Nbd2 Bg7 9. Bc4 O-O 10. O-O Qc8 11. Qc2 a6 12. Ng5 Ne5 13. Qb3 Nxc4 14. Nxc4
Be6 15. Nxe6 Qxe6 16. f3 d5 17. Nd2 b5 18. Rfe1 Rfd8 19. Rad1 Rd7 20. a3 Rad8
21. Bf4 Nh5 22. exd5 Qxd5 23. Qxd5 Rxd5 24. Be3 R8d7 25. g4 Nf6 26. Bd4 Ne8 27.
Re4 e5 28. Nb3 Nd6 29. Nc5 Nxe4 30. Nxd7 Rxd7 31. fxe4 exd4 32. cxd4 Rxd4 33.
Re1 Be5 34. Re2 Rd1+ 35. Kg2 Rb1 36. b4 Rb2 37. Rxb2 Bxb2 38. Kf3 Bxa3 39. Ke3
Bxb4 40. Kd3 Bc5 41. Kc3 f6 42. h3 Kf7 43. h4 Ke6 44. Kd3 Ke5 0-1

[Event "SR 5. liga SE-SI 2015/2016"]
[Site "?"]
[Date "2016.02.20"]
[Round "7.4"]
[White "Papanek, Lubomir"]
[Black "Babic, Stefan"]
[Result "1-0"]
[WhiteElo "1659"]
[BlackElo "1091"]
[PlyCount "41"]
[EventDate "2015.??.??"]

1. e4 e5 2. Nf3 Nc6 3. Bb5 Nf6 4. d3 Bc5 5. c3 O-O 6. O-O d6 7. Qe2 Bd7 8. Bxc6
Bxc6 9. Be3 Qe7 10. Nbd2 Rad8 11. Nb3 Bxe3 12. fxe3 b6 13. h3 Bb7 14. Qf2 c5
15. Qh4 h6 16. Nh2 Qe6 17. Rf3 Kh7 18. Raf1 d5 19. Ng4 Rd6 20. Nxf6+ gxf6 21.
Rxf6 1-0

[Event "SR 5. liga SE-SI 2015/2016"]
[Site "?"]
[Date "2016.02.20"]
[Round "7.4"]
[White "Skrabak, Jozef"]
[Black "Ralbovsky, Milan"]
[Result "1/2-1/2"]
[WhiteElo "1000"]
[BlackElo "1000"]
[PlyCount "97"]
[EventDate "2015.??.??"]

1. Nf3 d5 2. Nc3 e6 3. e4 c6 4. d4 Bb4 5. a3 Bxc3+ 6. bxc3 dxe4 7. Ng5 f5 8.
Qh5+ g6 9. Qd1 Nf6 10. a4 h6 11. Nh3 Nbd7 12. Bc4 Nb6 13. Bb3 Nbd5 14. c4 Nb4
15. c5 Qa5 16. O-O Bd7 17. Nf4 Kf7 18. Bd2 Nfd5 19. Bxd5 exd5 20. Bxb4 Qxb4 21.
Rb1 Qxa4 22. Rxb7 Rhd8 23. Qb1 Qxd4 24. Qa2 Qxc5 25. Rd1 Kf6 26. c4 Qd6 27.
Nxd5+ cxd5 28. Rxd5 Qc6 29. Qb2+ Kf7 30. Qb4 Rac8 31. Rd6 Rc7 32. Rxc6 Rxc6 33.
Qa5 Rdc8 34. Rxd7+ Kf6 35. Qc3+ Ke6 36. Qd4 a5 37. Qd5+ Kf6 38. Rf7+ Kg5 39. g3
Rxc4 40. Qxa5 Rc1+ 41. Kg2 R1c2 42. Rg7 e3 43. h4+ Kf6 44. Qa1+ R8c3 45. Qa7
Rxf2+ 46. Kh3 Ke5 47. Re7+ Kd5 48. Qd7+ Kc4 49. Qa4+ 1/2-1/2

[Event "SR 5. liga SE-SI 2015/2016"]
[Site "?"]
[Date "2016.02.20"]
[Round "7.5"]
[White "Husek, Lubomir"]
[Black "Cerovsky, Marian"]
[Result "1/2-1/2"]
[WhiteElo "1884"]
[BlackElo "1808"]
[PlyCount "92"]
[EventDate "2015.??.??"]

1. e4 e5 2. f4 exf4 3. Nf3 Be7 4. h4 d5 5. exd5 Bg4 6. Qe2 Qxd5 7. Nc3 Qd8 8.
d3 Nc6 9. Bxf4 Nd4 10. Qf2 Bc5 11. Nxd4 Bxd4 12. Be3 Qe7 13. Kd2 Bxe3+ 14. Qxe3
Qxe3+ 15. Kxe3 c6 16. Re1 O-O-O 17. Kd2 Nf6 18. Be2 Rd4 19. g3 Be6 20. Bf3 Kc7
21. a3 Rhd8 22. Re2 Nd7 23. Rhe1 Nb6 24. Kc1 h6 25. Re5 Nd7 26. R5e3 Nb6 27.
Ne2 R4d6 28. Nf4 Bc8 29. Re7+ R8d7 30. Re8 g5 31. hxg5 hxg5 32. Nh3 f6 33. Bg4
Rd8 34. Bxc8 Kxc8 35. Nf2 Rxe8 36. Rxe8+ Kd7 37. Rb8 Kc7 38. Rf8 Nd7 39. Rf7
Kd8 40. Ne4 Re6 41. Rg7 Ke8 42. Kd2 b6 43. b4 a6 44. Rg8+ Nf8 45. Rg7 Nd7 46.
Rg8+ Nf8 1/2-1/2

[Event "SR 5. liga SE-SI 2015/2016"]
[Site "?"]
[Date "2016.02.20"]
[Round "7.5"]
[White "Damborsky, Pavol"]
[Black "Kovarik, Oto"]
[Result "0-1"]
[WhiteElo "1683"]
[BlackElo "1797"]
[PlyCount "124"]
[EventDate "2015.??.??"]

1. e4 c5 2. Nf3 e6 3. Bc4 Nc6 4. Nc3 a6 5. a3 b5 6. Ba2 d6 7. d3 Nf6 8. Bg5 Be7
9. h3 O-O 10. O-O Bb7 11. Ne2 h6 12. Bxf6 Bxf6 13. c3 d5 14. exd5 exd5 15. Qc2
Ne5 16. Nxe5 Bxe5 17. d4 cxd4 18. cxd4 Rc8 19. Qd3 Bb8 20. Rae1 Qd6 21. f4 Rce8
22. Bb1 f5 23. Qd2 Qf6 24. Rf3 Ba7 25. Rd1 Re6 26. Ng3 g6 27. Ne2 Rfe8 28. Ng3
h5 29. Rf2 Re3 30. Nf1 R3e6 31. Nh2 Qe7 32. Kf1 Bxd4 33. Rf3 Be3 34. Qb4 Qxb4
35. axb4 d4 36. Ba2 Kg7 37. Bxe6 Rxe6 38. Rxe3 Rxe3 39. Rxd4 Be4 40. Rd6 Rb3
41. Rxa6 Rxb4 42. Nf3 Bxf3 43. gxf3 Rxb2 44. Rb6 b4 45. Kg1 b3 46. Kf1 Rh2 47.
Rxb3 Rxh3 48. Kg2 Rh4 49. Kg3 Rh1 50. Kg2 Rd1 51. Rb4 Rd7 52. Kg3 Kh6 53. Rb2
Rd4 54. Rh2 g5 55. fxg5+ Kxg5 56. Rf2 Rd3 57. Rf1 h4+ 58. Kh3 Kf4 59. Kg2 h3+
60. Kxh3 Rxf3+ 61. Kg2 Rxf1 62. Kxf1 Kf3 0-1

[Event "SR 5. liga SE-SI 2015/2016"]
[Site "?"]
[Date "2016.02.20"]
[Round "7.5"]
[White "Vach, Jozef"]
[Black "Dubecky, Ladislav"]
[Result "1-0"]
[WhiteElo "1700"]
[BlackElo "1632"]
[PlyCount "75"]
[EventDate "2015.??.??"]

1. e4 e5 2. f4 d6 3. Nf3 Bg4 4. Bc4 Bxf3 5. Qxf3 Nf6 6. d3 Nc6 7. O-O Nd4 8.
Qd1 Be7 9. c3 Nc6 10. fxe5 Nxe5 11. Bb3 O-O 12. d4 Ng6 13. Bc2 Nd7 14. Nd2 Bg5
15. Nf3 Bxc1 16. Rxc1 h6 17. Qd2 Nh4 18. Nxh4 Qxh4 19. Rf4 Qg5 20. Rcf1 Rae8
21. Qf2 Re7 22. Rf5 Qg6 23. e5 dxe5 24. Rxe5 Qd6 25. Rf5 Nf6 26. Qf3 Ng4 27.
Qxg4 Qe6 28. Qf3 b6 29. Bb3 Qd7 30. Qg3 Kh8 31. Qf3 Kg8 32. Qh5 a5 33. Qf3 Qe8
34. h3 Qd7 35. Qg4 Kh8 36. R1f3 Qe8 37. Qg6 Kg8 38. Rg3 1-0

[Event "SR 5. liga SE-SI 2015/2016"]
[Site "?"]
[Date "2016.02.20"]
[Round "7.5"]
[White "Pisecky, Jan"]
[Black "Benak, Peter"]
[Result "0-1"]
[WhiteElo "1478"]
[BlackElo "1605"]
[PlyCount "60"]
[EventDate "2015.??.??"]

1. e4 Nf6 2. Nc3 d5 3. exd5 Nxd5 4. Nxd5 Qxd5 5. b3 Qe5+ 6. Ne2 Qxa1 7. Nc3 e6
8. Bd3 Bb4 9. Nb5 Qe5+ 10. Qe2 Qxe2+ 11. Kxe2 Bd6 12. Bb2 f6 13. Re1 a6 14. Nd4
e5 15. Kf1 Kd8 16. Nf5 Bxf5 17. Bxf5 Nd7 18. d4 exd4 19. Bxd4 Re8 20. Rd1 g6
21. Bxd7 Kxd7 22. Bxf6 Re6 23. Bg5 Rae8 24. c4 b6 25. a3 Kc8 26. g3 a5 27. a4
Bc5 28. h4 Re2 29. Rd8+ Rxd8 30. Bxd8 Rxf2+ 0-1

[Event "SR 5. liga SE-SI 2015/2016"]
[Site "?"]
[Date "2016.02.20"]
[Round "7.5"]
[White "Cambal, Peter"]
[Black "Sprusansky, Ferdinand"]
[Result "1-0"]
[WhiteElo "1136"]
[BlackElo "1401"]
[PlyCount "59"]
[EventDate "2015.??.??"]

1. Nf3 Nc6 2. d4 d5 3. c4 e6 4. Bf4 dxc4 5. e3 Bb4+ 6. Nc3 b5 7. Qc2 Nge7 8. a3
Ba5 9. Be2 Nd5 10. Bg3 Qf6 11. O-O a6 12. Rfd1 O-O 13. Ne5 Nxe5 14. Bxe5 Qg5
15. Bf3 Bb7 16. Ne4 Qg6 17. h4 f6 18. h5 Qh6 19. Bh2 f5 20. Nc5 Ra7 21. b4 cxb3
22. Qxb3 f4 23. Nxb7 Rxb7 24. Bxd5 fxe3 25. Bxe6+ Kh8 26. fxe3 Qxh5 27. Rf1
Rbb8 28. Rf7 Rbe8 29. Raf1 Rxf7 30. Bxf7 1-0

[Event "SR 5. liga SE-SI 2015/2016"]
[Site "?"]
[Date "2016.03.05"]
[Round "8.1"]
[White "Vlk, Jaroslav"]
[Black "Cerovsky, Marian"]
[Result "0-1"]
[WhiteElo "1513"]
[BlackElo "1820"]
[PlyCount "54"]
[EventDate "2015.??.??"]

1. e4 e5 2. Nf3 Nc6 3. d4 exd4 4. Nxd4 Qf6 5. Nxc6 dxc6 6. Nc3 Bc5 7. Qe2 Be6
8. Be3 Bb4 9. Bd2 Ne7 10. a3 Ba5 11. O-O-O Ng6 12. g3 Ne5 13. h3 Nc4 14. Qe1
Nxd2 15. Qxd2 O-O 16. Bg2 Rad8 17. Qe2 Bxc3 18. bxc3 Qxc3 19. Rd3 Qa1+ 20. Kd2
Qxa3 21. Ke3 Qc5+ 22. Kf3 Bc4 23. Qe3 Qxe3+ 24. Rxe3 f5 25. Rg1 fxe4+ 26. Kxe4
Rxf2 27. Rc3 Bd5+ 0-1

[Event "SR 5. liga SE-SI 2015/2016"]
[Site "?"]
[Date "2016.03.05"]
[Round "8.1"]
[White "Damborsky, Pavol"]
[Black "Hyza, Richard"]
[Result "1/2-1/2"]
[WhiteElo "1674"]
[BlackElo "1000"]
[PlyCount "49"]
[EventDate "2015.??.??"]

1. e4 e5 2. Nf3 Nc6 3. Bc4 Nf6 4. d3 Bc5 5. Bg5 d6 6. h3 Be6 7. Nbd2 h6 8. Bxf6
Qxf6 9. c3 Qe7 10. b4 Bb6 11. Bxe6 fxe6 12. Nc4 Qd7 13. Nxb6 axb6 14. Nh4 Qf7
15. O-O g5 16. Nf3 b5 17. Nh2 Rg8 18. f3 b6 19. Ng4 Rh8 20. Qe2 h5 21. Nh2 d5
22. Qd2 Qf4 23. Qc2 Rg8 24. Qb3 Qf7 25. a3 1/2-1/2

[Event "SR 5. liga SE-SI 2015/2016"]
[Site "?"]
[Date "2016.03.05"]
[Round "8.1"]
[White "Horinka, Tomas"]
[Black "Dubecky, Ladislav"]
[Result "0-1"]
[WhiteElo "1000"]
[BlackElo "1624"]
[PlyCount "23"]
[EventDate "2015.??.??"]

1. e4 e5 2. Bc4 Bc5 3. Nf3 Nc6 4. c3 Nf6 5. d3 Ng4 6. Bxf7+ Kxf7 7. Ng5+ Kg6 8.
Qxg4 d6 9. Ne6+ Kf6 10. Bg5+ Kf7 11. Qf5+ Ke8 12. Nxg7# 0-1

[Event "SR 5. liga SE-SI 2015/2016"]
[Site "?"]
[Date "2016.03.05"]
[Round "8.1"]
[White "Pisecky, Jan"]
[Black "Volek, Vladimir"]
[Result "1-0"]
[WhiteElo "1478"]
[BlackElo "1000"]
[PlyCount "60"]
[EventDate "2015.??.??"]

1. e4 e5 2. Nf3 d6 3. Nc3 Nf6 4. d3 Bg4 5. g3 Be7 6. Bg2 Qd7 7. Bg5 Nc6 8. Qd2
Nd4 9. Nxd4 exd4 10. Nd5 Nxd5 11. exd5 O-O 12. O-O Bxg5 13. Qxg5 Bh3 14. Rfe1
Rae8 15. Rad1 Bxg2 16. Kxg2 Qa4 17. Kf1 Qxc2 18. Rd2 Rxe1+ 19. Kxe1 Qc1+ 20.
Ke2 Re8+ 21. Kf3 h6 22. Qf4 g5 23. Qxd4 Qxd2 24. Kg2 b6 25. a4 Re5 26. Kh3 Qe2
27. Kg2 g4 28. Kg1 Qd1+ 29. Kg2 Qf3+ 30. Kf1 Qh1# 1-0

[Event "SR 5. liga SE-SI 2015/2016"]
[Site "?"]
[Date "2016.03.05"]
[Round "8.1"]
[White "Daniel, Jakub"]
[Black "Sprusansky, Ferdinand"]
[Result "0-1"]
[WhiteElo "1000"]
[BlackElo "1401"]
[PlyCount "96"]
[EventDate "2015.??.??"]

1. c4 e5 2. Nf3 Nc6 3. e4 d6 4. d3 Bg4 5. Be2 Nf6 6. O-O Be7 7. Nc3 a6 8. Be3
Qd7 9. Ng5 Bxe2 10. Nxe2 h6 11. Nf3 Ng4 12. Bd2 f5 13. Ng3 f4 14. Ne2 Qe6 15.
h3 Nf6 16. b3 g5 17. b4 Nd7 18. b5 axb5 19. cxb5 Nd4 20. Nexd4 exd4 21. Qb3
Qxb3 22. axb3 Rxa1 23. Rxa1 Bf6 24. Ra8+ Bd8 25. Nxd4 O-O 26. Ne6 Re8 27. Nxd8
Nc5 28. Ba5 Nxd3 29. Bxc7 d5 30. exd5 Re1+ 31. Kh2 Nxf2 32. Ne6+ Kh7 33. Nf8+
Kg7 34. Be5+ Kf7 35. g3 Rxe5 36. Nd7 Rxd5 37. Rf8+ Ke7 38. Nb6 Rxb5 39. Nd7
Kxd7 40. Ra8 Rxb3 41. Ra2 fxg3+ 42. Kg2 Ne4 43. Ra4 Rb2+ 44. Kf3 g2 45. Rd4+
Nd6 46. Rg4 b5 47. Rxg2 Rxg2 48. Kxg2 b4 0-1

[Event "SR 5. liga SE-SI 2015/2016"]
[Site "?"]
[Date "2016.03.05"]
[Round "8.2"]
[White "Kanka, Tomas"]
[Black "Husek, Lubomir"]
[Result "1-0"]
[WhiteElo "1689"]
[BlackElo "1878"]
[PlyCount "87"]
[EventDate "2015.??.??"]

1. e4 c5 2. c3 d6 3. d4 Nf6 4. dxc5 Nxe4 5. Qa4+ Nc6 6. Qxe4 dxc5 7. Bb5 Bd7 8.
Nf3 a6 9. Bxc6 Bxc6 10. Qf4 f6 11. O-O e5 12. Re1 Be7 13. Qg4 Kf7 14. Qf5 Kg8
15. Qe6+ Kf8 16. Nbd2 Bd5 17. Qf5 Bf7 18. Nf1 Bg6 19. Qe6 Bf7 20. Qh3 Qb6 21.
Nh4 Re8 22. b3 h5 23. f4 exf4 24. Qf5 c4+ 25. Kh1 Qf2 26. Nf3 g5 27. Rd1 g4 28.
Nd4 f3 29. gxf3 gxf3 30. Qxf3 Qxf3+ 31. Nxf3 cxb3 32. axb3 Bxb3 33. Rd7 Bc5 34.
Ba3 Bxa3 35. Rxa3 Be6 36. Rd2 Bg4 37. c4 Rc8 38. Rd4 Rg8 39. Nh4 Be6 40. Ng3
Bf7 41. Rf3 Bxc4 42. Rxf6+ Ke7 43. Rfd6 Be6 44. Nhf5+ 1-0

[Event "SR 5. liga SE-SI 2015/2016"]
[Site "?"]
[Date "2016.03.05"]
[Round "8.2"]
[White "Kovarik, Oto"]
[Black "Kastler, Peter"]
[Result "1/2-1/2"]
[WhiteElo "1812"]
[BlackElo "1743"]
[PlyCount "88"]
[EventDate "2015.??.??"]

1. e4 e6 2. d4 d5 3. Nd2 dxe4 4. Nxe4 Nd7 5. Be3 Ngf6 6. Nxf6+ Nxf6 7. h3 Bd6
8. Bd3 O-O 9. Nf3 b6 10. O-O Bb7 11. c4 c6 12. Rc1 Rc8 13. c5 bxc5 14. dxc5 Be7
15. b4 Nd5 16. Bd2 Bf6 17. Qc2 g6 18. Rcd1 Ra8 19. a4 Qc7 20. g3 Rfd8 21. Bc4
Qe7 22. Rfe1 a5 23. Bxd5 Rxd5 24. Bc3 Rad8 25. Rxd5 Rxd5 26. Kg2 axb4 27. Bxb4
Ba6 28. Rd1 Qd8 29. Rxd5 Qxd5 30. Qd2 Qe4 31. Ba3 Be2 32. Qe3 Bxf3+ 33. Qxf3
Qxa4 34. Bc1 Be7 35. Qc3 Qe4+ 36. Kh2 Qf5 37. Be3 Bf6 38. Qa5 Qd5 39. Bh6 Bd8
40. Qa8 Qd4 41. Be3 Qd5 42. Bh6 Qd4 43. Be3 Qd5 44. Bh6 Qd4 1/2-1/2

[Event "SR 5. liga SE-SI 2015/2016"]
[Site "?"]
[Date "2016.03.05"]
[Round "8.2"]
[White "Zajicek, Ferdinand"]
[Black "Vach, Jozef"]
[Result "1/2-1/2"]
[WhiteElo "1757"]
[BlackElo "1708"]
[PlyCount "120"]
[EventDate "2015.??.??"]

1. e4 e5 2. Nf3 Nc6 3. Nc3 Nf6 4. Bc4 Be7 5. a3 d6 6. h3 Na5 7. Ba2 c5 8. d3
Nc6 9. O-O O-O 10. Ne2 h6 11. Be3 d5 12. exd5 Nxd5 13. Qc1 Be6 14. Ng3 Nxe3 15.
fxe3 Bxa2 16. Rxa2 g6 17. Rf2 Kg7 18. Ra1 Qc7 19. Qd2 Rad8 20. Qc3 b6 21. Ne4
f5 22. Ned2 Bf6 23. Qc4 Rfe8 24. Raf1 Qd7 25. b4 cxb4 26. axb4 Ne7 27. Qb3 Nd5
28. e4 Ne3 29. Re1 f4 30. Nf1 Nxf1 31. Rexf1 g5 32. Nh2 Qd4 33. Ng4 Be7 34. Qe6
Qd6 35. Qxe5+ Qxe5 36. Nxe5 Bxb4 37. Nc6 Bc5 38. Nxd8 Rxd8 39. Ra1 Rd7 40. Kf1
Bxf2 41. Kxf2 Kf6 42. Rb1 Rc7 43. c4 Rc5 44. g3 Ke5 45. Kf3 fxg3 46. Kxg3 Kd4
47. Rb5 Rxb5 48. cxb5 h5 49. Kf3 Kc5 50. e5 Kxb5 51. Ke4 g4 52. hxg4 hxg4 53.
Kd5 g3 54. e6 g2 55. e7 g1=Q 56. e8=Q+ Ka5 57. d4 Qc1 58. Qe5 Qc8 59. Qe1+ Ka6
60. Qe6 Qd8+ 1/2-1/2

[Event "SR 5. liga SE-SI 2015/2016"]
[Site "?"]
[Date "2016.03.05"]
[Round "8.2"]
[White "Benak, Peter"]
[Black "Papanek, Lubomir"]
[Result "0-1"]
[WhiteElo "1605"]
[BlackElo "1661"]
[PlyCount "110"]
[EventDate "2015.??.??"]

1. c4 Nf6 2. g3 g6 3. Bg2 Bg7 4. e3 O-O 5. d4 c6 6. Ne2 d5 7. cxd5 cxd5 8. O-O
e6 9. b4 b6 10. a4 Bb7 11. Nbc3 Nc6 12. Ba3 Re8 13. Nc1 Bf8 14. b5 Bxa3 15.
Rxa3 Na5 16. Nb3 Qd6 17. Ra1 Nc4 18. Nd2 Rac8 19. Nxc4 Rxc4 20. Qb3 Rec8 21.
Rfc1 h5 22. Bf1 R4c7 23. Ne2 Ne4 24. Rxc7 Rxc7 25. Rc1 Nd2 26. Qa2 Nc4 27. Nf4
Na5 28. Rxc7 Qxc7 29. Qb2 Bc8 30. Bd3 Nb7 31. Qc2 Qxc2 32. Bxc2 Nd6 33. Bd3 Kg7
34. Ne2 f6 35. Nc3 g5 36. Na2 Ne8 37. Nb4 Bb7 38. f3 e5 39. dxe5 fxe5 40. Kf2
Nd6 41. Ke2 Kf6 42. h3 e4 43. fxe4 dxe4 44. Bc2 Nf5 45. Kf2 Ke5 46. Bb3 Ne7 47.
Bf7 h4 48. g4 Bd5 49. Bxd5 Nxd5 50. Nc6+ Kd6 51. Nxa7 Nc3 52. Nc8+ Kc5 53. Ne7
Nxa4 54. Nf5 Nc3 55. Nd4 Kd5 0-1